[Event "Vilnius op"]
[Site "Vilnius"]
[Date "2014.11.26"]
[Round "9"]
[White "Sutkevicius, Juozas"]
[Black "Steponavicius, Stasys"]
[Result "0-1"]
[WhiteElo "2027"]
[BlackElo "2160"]
[PlyCount "88"]
[EventDate "2014.11.19"]
[EventType "swiss"]
[EventRounds "9"]
[EventCountry "LTU"]
[SourceTitle "CBM 163 Extra"]
[Source "ChessBase"]
[SourceDate "2014.12.23"]
[SourceVersion "1"]
[SourceVersionDate "2014.12.23"]
[SourceQuality "1"]

1. c4 e5 2. Nc3 Nf6 3. e3 Nc6 4. d4 exd4 5. exd4 d5 6. c5 g6 7. Bb5 Bg7 8. Nf3 Bg4 9. h3 Bxf3 10. Qxf3 0-0 11. Be3 Ne7 12. g4 c6 13. Bd3 b6 14. cxb6 axb6 15. 0-0 Nd7 16. Ne2 Qc7 17. Bf4 Qb7 18. a3 Rfe8 19. Rac1 Rac8 20. Kg2 c5 21. Bb5 Red8 22. Bg5 f6 23. Be3 f5 24. g5 Nf8 25. h4 Ne6 26. Rfd1 Nc6 27. Bxc6 Qxc6 28. b3 Qa8 29. a4 Qc6 30. dxc5 bxc5 31. Bxc5 Nxc5 32. b4 Qxa4 33. bxc5 Qxh4 34. Rxd5 Qxg5+ 35. Kf1 Re8 36. Rdd1 Be5 37. c6 Qf6 38. Rd7 Qe6 39. Kg2 Re7 40. Rxe7 Qxe7 41. Qd5+ Kg7 42. Ng1 Rd8 43. Qc4 Rd4 44. Qb3 Qg5+ 0-1

[Event "Vilnius op"]
[Site "Vilnius"]
[Date "2014.11.25"]
[Round "8"]
[White "Grybas, Gintaras"]
[Black "Sutkevicius, Juozas"]
[Result "1-0"]
[WhiteElo "1990"]
[BlackElo "2027"]
[PlyCount "91"]
[EventDate "2014.11.19"]
[EventType "swiss"]
[EventRounds "9"]
[EventCountry "LTU"]
[SourceTitle "CBM 163 Extra"]
[Source "ChessBase"]
[SourceDate "2014.12.23"]
[SourceVersion "1"]
[SourceVersionDate "2014.12.23"]
[SourceQuality "1"]

1. d4 Nf6 2. c4 e6 3. Nf3 d5 4. Nc3 Nbd7 5. Bg5 Be7 6. e3 0-0 7. Be2 b6 8. 0-0 Bb7 9. Ne5 c5 10. Bf3 cxd4 11. exd4 Ne4 12. Nxd7 Qxd7 13. Bxe7 Qxe7 14. cxd5 exd5 15. Re1 f5 16. Qb3 Qf7 17. g3 Rfe8 18. Bg2 Re7 19. f3 Nf6 20. Re5 Rxe5 21. dxe5 Nd7 22. f4 Nc5 23. Bxd5 Nxb3 24. Bxf7+ Kxf7 25. axb3 Ke7 26. Rd1 Rc8 27. Kf2 Rc5 28. Rd4 Bc8 29. Rc4 Be6 30. Rxc5 bxc5 31. Na4 Bxb3 32. Nxc5 Bc4 33. Ke3 h6 34. Kd4 Bf1 35. Nb3 Kd7 36. Kc5 Bd3 37. Nd4 a6 38. e6+ Ke7 39. Kd5 g6 40. Nc6+ Kf6 41. Ne5 Bc2 42. Kd6 Ba4 43. Nd7+ Kg7 44. Ke7 Bb3 45. Nc5 Bc4 46. Kd8 1-0

[Event "Taujenai Mikenas Memorial 2nd"]
[Site "Taujenai"]
[Date "2014.08.08"]
[Round "6"]
[White "Vaitonis, Vytautas"]
[Black "Sutkevicius, Juozas"]
[Result "1/2-1/2"]
[WhiteElo "1963"]
[BlackElo "2093"]
[PlyCount "37"]
[EventDate "2014.08.03"]
[EventType "swiss"]
[EventRounds "6"]
[EventCountry "LTU"]
[SourceTitle "CBM 161 Extra"]
[Source "ChessBase"]
[SourceDate "2014.08.29"]
[SourceVersion "1"]
[SourceVersionDate "2014.08.29"]
[SourceQuality "1"]

1. d4 f5 2. Nc3 Nf6 3. Bg5 d6 4. Nf3 g6 5. e3 Nbd7 6. Bd3 Bg7 7. h4 h6 8. Bf4 c6 9. e4 Nf8 10. Qe2 Be6 11. 0-0 Nh5 12. Bd2 f4 13. d5 Bg4 14. dxc6 bxc6 15. Bc4 Nd7 16. Qd1 Rb8 17. Be2 Bf6 18. Nh2 Bxe2 19. Nxe2 1/2-1/2

[Event "Vilnius Andriusaicio op rapid "]
[Site "Vilnius"]
[Date "2012.05.27"]
[Round "6"]
[White "Sutkevicius, Juozas"]
[Black "Janulynas, Jonas"]
[Result "1/2-1/2"]
[WhiteElo "2093"]
[BlackElo "1805"]
[PlyCount "102"]
[EventDate "2012.05.26"]
[EventType "swiss (rapid)"]
[EventRounds "9"]
[EventCountry "LTU"]
[SourceTitle "CBM 148 Extra"]
[Source "ChessBase"]
[SourceDate "2012.06.22"]
[SourceVersion "1"]
[SourceVersionDate "2012.06.22"]
[SourceQuality "1"]

1. c4 Nf6 2. d4 e6 3. Nc3 d5 4. Bg5 c6 5. e3 Nbd7 6. Nf3 h6 7. Bh4 Be7 8. Ne5 Nxe5 9. dxe5 Nd7 10. Bg3 0-0 11. cxd5 exd5 12. Bd3 Re8 13. 0-0 Bf8 14. f4 Qb6 15. Qd2 f6 16. Bg6 Re7 17. Kh1 fxe5 18. fxe5 Nxe5 19. Bxe5 Rxe5 20. Qf2 Be6 21. Rae1 Bd6 22. Bb1 Rf8 23. Qc2 Bf5 24. e4 dxe4 25. Nxe4 Bxe4 26. Rxf8+ Bxf8 27. Rxe4 Rc5 28. Rc4 Rxc4 29. Qxc4+ Kh8 30. Qe4 Kg8 31. Qe6+ Kh8 32. Qf5 Kg8 33. Qe6+ Kh8 34. Qf5 Kg8 35. Bc2 Qc5 36. Qe6+ Kh8 37. Qe4 Kg8 38. h4 Qe7 39. Qh7+ Kf7 40. Bg6+ Kf6 41. Be4 Kf7 42. g3 Qf6 43. Qf5 Qxf5 44. Bxf5 Kf6 45. Bc8 b6 46. Kg2 Ke5 47. Kf3 c5 48. b3 Be7 49. a4 Bf6 50. Ba6 Kd4 51. Bc4 Ke5 1/2-1/2

[Event "Vilnius Andriusaicio op rapid "]
[Site "Vilnius"]
[Date "2012.05.26"]
[Round "5"]
[White "Askinazi, Feliksas"]
[Black "Sutkevicius, Juozas"]
[Result "0-1"]
[WhiteElo "1802"]
[BlackElo "2093"]
[PlyCount "88"]
[EventDate "2012.05.26"]
[EventType "swiss (rapid)"]
[EventRounds "9"]
[EventCountry "LTU"]
[SourceTitle "CBM 148 Extra"]
[Source "ChessBase"]
[SourceDate "2012.06.22"]
[SourceVersion "1"]
[SourceVersionDate "2012.06.22"]
[SourceQuality "1"]

1. d4 f5 2. Bf4 d6 3. Nf3 Nf6 4. e3 g6 5. h3 Bg7 6. c4 e6 7. Nc3 0-0 8. Be2 c6 9. 0-0 Qe7 10. Rc1 Nbd7 11. b4 e5 12. Bg5 h6 13. Bxf6 Nxf6 14. d5 Bd7 15. Nh4 Kh7 16. Nf3 g5 17. Nh2 e4 18. b5 c5 19. Qc2 Kh8 20. a4 h5 21. Qd1 Be8 22. Re1 Bg6 23. Nf1 Qd7 24. Ng3 Qf7 25. f3 exf3 26. Bxf3 g4 27. hxg4 hxg4 28. Be2 Qe7 29. Bd3 Qe5 30. Nf1 Bh6 31. Qe2 Rae8 32. Nd1 Bg5 33. g3 Kg7 34. Qf2 Rh8 35. Rc2 Rh3 36. Qg2 Reh8 37. Rce2 Nh5 38. Nf2 Nxg3 39. Nxh3 Nxe2+ 40. Rxe2 Rxh3 41. Kf2 Rf3+ 42. Kg1 Bxe3+ 43. Nxe3 Rxe3 44. Rd2 Rg3 0-1

[Event "LTU-ch"]
[Site "Nemencine"]
[Date "2011.04.27"]
[Round "5"]
[White "Sutkevicius, Juozas"]
[Black "Barsciauskas, Gintautas"]
[Result "0-1"]
[WhiteElo "2148"]
[BlackElo "1865"]
[PlyCount "38"]
[EventDate "2011.04.25"]
[EventType "swiss"]
[EventRounds "9"]
[EventCountry "LTU"]
[SourceTitle "CBM 142 Extra"]
[Source "ChessBase"]
[SourceDate "2011.06.27"]
[SourceVersion "1"]
[SourceVersionDate "2011.06.27"]
[SourceQuality "1"]

1. c4 Nf6 2. Nc3 d5 3. d4 g6 4. Bg5 Ne4 5. Bh4 Nxc3 6. bxc3 Bg7 7. e3 c5 8. Nf3 Nc6 9. Nd2 cxd4 10. cxd4 0-0 11. f4 Be6 12. c5 b6 13. Rc1 bxc5 14. Rxc5 Qd6 15. f5 Bxf5 16. Bg3 Qe6 17. Qe2 Nb4 18. Rc3 Rac8 19. Rb3 Nxa2 0-1

[Event "LTU-chT2 1011"]
[Site "Lithuania"]
[Date "2011.02.27"]
[Round "9.32"]
[White "Svitojus, Zygimantas"]
[Black "Sutkevicius, Juozas"]
[Result "1/2-1/2"]
[WhiteElo "1825"]
[BlackElo "2148"]
[PlyCount "193"]
[EventDate "2010.11.06"]
[EventType "team-tourn"]
[EventRounds "9"]
[EventCountry "LTU"]
[SourceTitle "EXT 2012"]
[Source "ChessBase"]
[SourceDate "2011.11.24"]
[SourceVersion "1"]
[SourceVersionDate "2011.11.24"]
[SourceQuality "1"]

1. e4 c5 2. Nf3 d6 3. d4 cxd4 4. Nxd4 Nf6 5. Nc3 a6 6. Be2 e6 7. Be3 Be7 8. 0-0 Qc7 9. f4 0-0 10. a4 b6 11. Bf3 Bb7 12. g4 Nc6 13. f5 d5 14. exd5 Nxd4 15. Bxd4 exf5 16. gxf5 Rad8 17. Bf2 Bd6 18. h3 Be5 19. Ra3 Qc4 20. Bxb6 Rd6 21. a5 Qf4 22. Qe2 Re8 23. Qg2 Qxf5 24. Bc7 Bd4+ 25. Kh1 Rd7 26. Bg4 Nxg4 27. Rxf5 Ne3 28. Qe2 Kf8 29. Qf3 Nxf5 30. Qxf5 Rxc7 31. Kh2 g6 32. Qd3 Bc5 33. Ra4 Re3 34. Qd2 Bd6+ 35. Kg1 Rce7 36. Ra1 Bc8 37. Qd4 R7e5 38. Nb5 axb5 39. a6 Rg3+ 40. Kf2 Rf5+ 41. Ke2 Rg2+ 42. Ke3 Bf4+ 43. Qxf4 Rxf4 44. Kxf4 Rxc2 45. a7 Bb7 46. a8Q+ Bxa8 47. Rxa8+ Ke7 48. Ke5 f6+ 49. Kd4 Rc4+ 50. Kd3 Kd6 51. Rb8 Rc5 52. Rb6+ Ke5 53. d6 Rd5+ 54. Ke3 f5 55. d7 Rxd7 56. Rxb5+ Rd5 57. Rb7 h5 58. b4 f4+ 59. Ke2 Kf5 60. b5 Kg5 61. Rb6 Rc5 62. h4+ Kf5 63. Rb8 Rc2+ 64. Kf3 Rc3+ 65. Kf2 Rb3 66. b6 Kg4 67. b7 Rb2+ 68. Kf1 Kf3 69. Ke1 Rb1+ 70. Kd2 Kg3 71. Rg8 Rxb7 72. Rxg6+ Kxh4 73. Ke2 Rb3 74. Kf2 Rg3 75. Rh6 Kg5 76. Rh8 h4 77. Rg8+ Kf5 78. Rh8 Kg4 79. Rg8+ Kh3 80. Rh8 Ra3 81. Rg8 Rg3 82. Rh8 f3 83. Rh7 Rg6 84. Rf7 Re6 85. Kxf3 Kh2 86. Rh7 h3 87. Rh8 Rg6 88. Kf2 Rf6+ 89. Ke2 Kg2 90. Rg8+ Kh1 91. Rg3 h2 92. Rg8 Ra6 93. Kf2 Ra2+ 94. Kf1 Ra1+ 95. Kf2 Rg1 96. Rh8 Rg7 97. Rf8 1/2-1/2

[Event "LTU-chT2 1011"]
[Site "Lithuania"]
[Date "2011.02.13"]
[Round "7.22"]
[White "Kisonas, Donatas"]
[Black "Sutkevicius, Juozas"]
[Result "1/2-1/2"]
[WhiteElo "2021"]
[BlackElo "2148"]
[PlyCount "117"]
[EventDate "2010.11.06"]
[EventType "team-tourn"]
[EventRounds "9"]
[EventCountry "LTU"]
[SourceTitle "EXT 2012"]
[Source "ChessBase"]
[SourceDate "2011.11.24"]
[SourceVersion "1"]
[SourceVersionDate "2011.11.24"]
[SourceQuality "1"]

1. d4 d5 2. c4 c6 3. cxd5 cxd5 4. Nc3 Nc6 5. Nf3 Nf6 6. Bf4 a6 7. e3 g6 8. h3 Bg7 9. Bd3 0-0 10. 0-0 b5 11. Rc1 Bb7 12. Qe2 Rc8 13. Nd2 Na5 14. b4 Nc4 15. a4 Bc6 16. axb5 axb5 17. Nb3 Ra8 18. Ra1 Qb6 19. Nc5 Ra7 20. Nb3 Rfa8 21. Rxa7 Rxa7 22. Ra1 Rxa1+ 23. Nxa1 Qa7 24. Nc2 e6 25. Qe1 Bf8 26. Qc1 Nd7 27. Bg3 f6 28. Be2 Be7 29. Bf3 Qa8 30. Be2 Ndb6 31. Kh2 Kg7 32. Bg4 Kf7 33. Be2 e5 34. Bf1 Bd6 35. Be2 h5 36. Kg1 Kg7 37. Bf1 Bd7 38. Bd3 Qf8 39. Be2 Qa8 40. Bd3 Bc6 41. Be2 Qf8 42. Qb1 Qa8 43. Qc1 Nc8 44. Bh2 N8b6 45. Bf1 Qa6 46. Be2 Be8 47. Bf3 e4 48. Be2 Be7 49. Bg3 Qa7 50. Bf1 Qa6 51. Be2 Qa8 52. Bf1 g5 53. Be2 f5 54. Bh2 g4 55. hxg4 hxg4 56. Bg3 Bc6 57. Bf1 Kg6 58. Be2 Qf8 59. Qb1 1/2-1/2

[Event "LTU-chT2 1011"]
[Site "Lithuania"]
[Date "2011.01.09"]
[Round "5.12"]
[White "Jukna, Gaivaldas"]
[Black "Sutkevicius, Juozas"]
[Result "1-0"]
[WhiteElo "1923"]
[BlackElo "2148"]
[PlyCount "51"]
[EventDate "2010.11.06"]
[EventType "team-tourn"]
[EventRounds "9"]
[EventCountry "LTU"]
[SourceTitle "EXT 2012"]
[Source "ChessBase"]
[SourceDate "2011.11.24"]
[SourceVersion "1"]
[SourceVersionDate "2011.11.24"]
[SourceQuality "1"]

1. d4 f5 2. e4 fxe4 3. Nc3 Nf6 4. Bg5 d6 5. f3 exf3 6. Nxf3 e6 7. Bc4 Be7 8. Qe2 d5 9. Bb5+ c6 10. Bd3 0-0 11. 0-0 c5 12. dxc5 Bxc5+ 13. Kh1 Nc6 14. Rad1 Qe7 15. a3 a6 16. Na4 Ba7 17. Rde1 Bd7 18. Nc3 Rae8 19. Ne5 Nxe5 20. Qxe5 Qf7 21. Qg3 d4 22. Rxf6 Qh5 23. Rxf8+ Rxf8 24. Ne4 Bb8 25. Qh4 Qf7 26. Nd6 1-0